| 000 | 00666nam a2200217 a 4500 | ||
|---|---|---|---|
| 005 | 20240912063847.0 | ||
| 008 | 140328s2006 ag r 000 0 spa d | ||
| 020 | _a9871234082 | ||
| 035 | _aUPN01000196638 | ||
| 049 | _aI | ||
| 050 | 4 |
_aPZ76.3 _bL6.44 |
|
| 100 | 1 |
_aLongo, Alejandra _935574 |
|
| 245 | 1 | 0 |
_aLibro de opuestos : _bgrandes amigos, pequeñas aventuras / |
| 250 | _aAlejandra Longo ; il. Anabela Lemos. | ||
| 260 |
_aBuenos Aires : _bKumquat, _c2006. |
||
| 300 |
_a[22] p. : _bprincilpalmente il. col. |
||
| 650 | 4 |
_aCuentos infantiles argentinos _97466 |
|
| 650 | 0 |
_aAnimales _vCuentos y leyendas _9234 |
|
| 905 | _aInfantil | ||
| 999 |
_c168739 _d168739 |
||